Największe miasta w województwie lubuskim A-Z - Statystyki

Ogólne statystyki
  • Ten quiz został rozwiązany 2 975 razy
  • Średni wynik to 9 z 19
Statystyki odpowiedzi
# Miasto Populacja % Poprawnych
Z Zielona Góra 140 002
99%
G Gorzów Wielkopolski 119 964
97%
Ż Żary 36 004
79%
Ś Świebodzin 21 399
72%
N Nowa Sól 36 843
69%
M Międzyrzecz 17 400
57%
K Kostrzyn nad Odrą 17 899
55%
S Słubice 16 495
50%
D Drezdenko 9 800
47%
W Wschowa 13 533
45%
R Rzepin 6 486
31%
L Lubsko 13 240
29%
I Iłowa 3 725
27%
T Torzym 2 468
26%
B Bytom Odrzański 4 051
25%
O Ośno Lubuskie 3 880
24%
J Jasień 4 155
21%
Ł Łęknica 2 324
21%
C Czerwieńsk 3 907
20%
Nie znaleziono quizów pasujących do podanych kryteriów
Rozkład punktacji
Procent ludzi z każdym wynikiem
Percentyl według liczby udzielonych odpowiedzi
Twoja historia wyników
Nie rozwiązałeś tego quizu